000 00895nam a22002777a 4500
005 20170124105924.0
010 _aB-119547
020 _c00.00
_a8178291851
035 _aB-119547
037 _bCen Lib/Ret
040 _aDPL
_bEN
082 _a324.254
245 _aPolitical parties and party systems /
_cedited by Ajay K. Mehra, D.D. Khanna [and] Gert W. Kueck
260 _aNew Delhi
_bSage publications
_c2003
270 _bNew Delhi
_aB-42, panchsheel encleve
_e110017
300 _a420p.
_c22cm(Hb)
500 _aIncludes index
650 _aPolitical parties
_91274
650 _aParty system
_95730
650 _a राजनीतिक दल
_95731
650 _aपार्टी सिस्टम
_95732
700 _aMehra, K. Ajay
_95715
700 _aKhanna, D.D.
_95716
700 _aKueck, Gert W.
_95717
942 _2ddc
_cEN
_h324.254
_mPOL
999 _c123382
_d123382